000 00632nam a2200241Ia 4500
003 OSt
005 20220918182315.0
006 a|||||r|||| 00| 0
007 ta
008 220917b |||||||| |||| 00| 0 eng d
024 _a31,808
037 _cTextual
040 _aARTS
_cARTS
_beng
041 _2eng
_aeng
082 _aO111,1L57x, M2
100 _aBlake William
245 0 _aSelected poems ed by P H Butter
260 _aLondon
_bDent U. K.
_c1982
300 _axxxiv,267p.
_ccm.
650 _aBLAKE, WILLIAM
942 _hO111,1L57x, M2
_cTEXL
_2CC
999 _c168490
_d168490